| 000 | 00779nam a2200205 a 4500 | ||
|---|---|---|---|
| 003 | 0 | ||
| 005 | 20250516113146.0 | ||
| 008 | 021127s19uu xx 00 eng d | ||
| 050 |
_aPGS GV 943.9.P8 _b.Uy97 2001 |
||
| 100 | _aUy, Carmelito S. | ||
| 245 |
_aA study of the characteristic of Southville International School soccer players school year 2000-2001 / _cCarmelito S. Uy. |
||
| 260 |
_aLas PiƱas City, Philippines : _bSouthville International School and Colleges, _c2001. |
||
| 300 |
_a23 pages : _billustrations ; _c28 cm. |
||
| 504 | _aIncludes bibliographical references. | ||
| 650 |
_aSoccer players _vPsychology. |
||
| 650 |
_aSoccer players _vSocial conditions. |
||
| 650 |
_aStudent athletes _vAttitudes. |
||
| 650 |
_aAthletes _vProfiles. |
||
| 942 |
_2lcc _cPASS |
||
| 999 |
_c96491 _d96491 |
||